| 000 | 00000nam 2200000zi 4500 |
| 001 | 9.898873 |
| 003 | CaOODSP |
| 005 | 20250324130930 |
| 006 | m o d f |
| 007 | cr |n||||||||| |
| 008 | 210419e19820331oncad |ob f000 0 fre d |
| 040 | |aCaOODSP|bfre|erda|cCaOODSP |
| 041 | |afre|beng |
| 043 | |an-cn--- |
| 086 | 1 |aCo24-629/1982F-PDF |
| 100 | 1 |aLapierre, Jean,|d1937- |eauteur. |
| 245 | 10|aÉtude des propriétés des fibres optiques et leurs applications aux téleçommunications : |brapport final / |cpar professeur Jean Lapierre, professeur Jacques Bures. |
| 264 | 1|aOttawa (Ontario): |bMinistère des communications du Canada, |cle 31 mars 1982. |
| 300 | |a1 ressource en ligne (i, 66 pages) : |billustrations, graphiques |
| 336 | |atexte|btxt|2rdacontent/fre |
| 337 | |ainformatique|bc|2rdamedia/fre |
| 338 | |aressource en ligne|bcr|2rdacarrier/fre |
| 500 | |aÉdition numérisée de l'imprimé [par Innovation, Sciences et Développement économique Canada]. |
| 500 | |a« Projet CDT P678. » |
| 504 | |aComprend des références bibliographiques. |
| 546 | |aComprend un résumé en anglais. |
| 650 | 6|aFibres optiques. |
| 650 | 6|aTélécommunications par fibres optiques. |
| 650 | 0|aOptical fibers. |
| 650 | 0|aOptical fiber communication. |
| 710 | 1 |aCanada. |bMinistère des communications, |eorganisme de publication. |
| 856 | 40|qPDF|s1385 Ko|uhttps://publications.gc.ca/collections/collection_2024/isde-ised/Co24-629-1982-fra.pdf |